000 00628nam a2200229Ia 4500
005 20250425162640.0
008 250425s9999 xx 000 0 und d
020 _a8485597516
041 _aspa
082 _a628.922
100 _aCARSON, WAINE G
245 0 _aSISTEMAS DE PROTECCION CONTRA INCENDIO: MANUAL NFPA PARA IMPECCION, COMPROBACIÓN Y MANTENIMIENTO
250 _a2 ED.
260 _aEspaña
_bCEPREVEN
_c1992
260 _aMADRID
300 _a271
500 _aDONADO POR EL ING. JORGE DUQUE
650 _aPROTECCION CONTRA INCENDIOS
700 _aKLINKER, RICHARD L
942 _c01
010 _a93852
999 _c233579
_d233579